000 00715nam a2200205 i 4500
001 166898
003 ES-MaACL
005 20231223063113.0
008 960520s1897 sp |||| | spa d
080 _a821.134.2-31"18"
100 1 _aValera, Juan,
_d1824-1905
_9112638
245 1 0 _aGenio y figura_ /
_cJuan Valera.
260 _aMadrid :
_bLibrería de Fernando Fé,
_c1897 (
_fEst. tip. de Ricardo Fé)
300 _a218 p. ;
_c17 cm.
530 _aDisponible en formato digital.
595 _aExiste una 2ª ed. en 1897.
852 _aES-MaACL
_jF-12858
_z- Enc. pasta española
856 _uhttp://bdh-rd.bne.es/viewer.vm?id=0000185560&page=1
_zBiblioteca Digital Hispánica
999 _c166898
_d166898